Culture Générale - Série 948 - Statistiques

Statistiques générales
  • Ce quiz a été pris 101 fois
  • Le résultat moyen est 4 sur 10
Statistiques - réponses
Question Réponse % Correct
Quel patineur a interprété sur glace, en compétition, des personnages comme Bonaparte, Lucky Luke ou d'Artagnan ? Philippe Candeloro
81%
Quel pays d'Afrique occidentale, ayant pour capitale Ouagadougou, s'est appelé Haute-Volta jusqu'en 1984 ? Burkina Faso
76%
Dans le film "Le Petit Nicolas", sorti en septembre 2009, quel acteur tient le rôle du père de Nicolas ? Kad Merad
65%
Quel est le prénom de la fille du réalisateur Francis Ford Coppola, elle aussi réalisatrice ? Sofia
48%
Quelle ville marocaine est surnommée “La Perle du Détroit” ? Tanger
33%
Dans quel roman fantastique de Balzac, Raphaël de Valentin reçoit-il un talisman qui exauce tous ses voeux ? La Peau de chagrin
32%
Dans la série télévisée “Will et Grace”, quelle profession Will exerce-t-il ? avocat
29%
Quel genre d'insecte est le "morio" ? papillon
24%
Quel film de Francis Ford Coppola est une adaptation du roman "Au Coeur des ténèbres" ? Apocalypse Now
16%
Qui fut l'avant dernier roi à diriger l'Égypte ? Farouk
13%
Aucun quiz correspondant
Distribution des résultats
% des personnes avec chaque résultat
Percentile par nombre de réponses
Votre historique - résultats
Vous n’avez pas pris ce quiz